The causes, criteria and international aspect of the so called economic underdevelopment (Record no. 476544)

000 -LEADER
fixed length control field 00591cam a22001457a 4500
008 - FIXED-LENGTH DATA ELEMENTS--GENERAL INFORMATION
fixed length control field 180718b1969 xxu||||| |||| 00| 0 eng d
082 ## - DEWEY DECIMAL CLASSIFICATION NUMBER
Classification number T19 C333/13
100 ## - MAIN ENTRY--PERSONAL NAME
Personal name Szentes, Thamas
245 ## - TITLE STATEMENT
Title The causes, criteria and international aspect of the so called economic underdevelopment
Statement of responsibility, etc. by Thamas Szentes
260 ## - PUBLICATION, DISTRIBUTION, ETC.
Place of publication, distribution, etc. Budapest
Name of publisher, distributor, etc. Center for Afro-Asian Research of the Hungarian Academy of Sciences
Date of publication, distribution, etc. 1969
300 ## - PHYSICAL DESCRIPTION
Extent 60p.
440 ## - SERIES STATEMENT/ADDED ENTRY--TITLE
Title Studies on developing countries, No. 13
650 ## - SUBJECT ADDED ENTRY--TOPICAL TERM
Topical term or geographic name entry element Economic development
700 ## - ADDED ENTRY--PERSONAL NAME
Personal name Center for Afro-Asian Research of the Hungarian Academy of Sciences
Holdings
Withdrawn status Lost status Damaged status Not for loan Permanent Location Current Location Date acquired Full call number Barcode Date last seen Price effective from Koha item type
        Indian Institute of Public Administration Indian Institute of Public Administration 2018-08-04 T19 C333/13 GR9705 2018-08-04 2018-08-04 GR

Powered by Koha